| 000 | 01370nam a2200301Ia 4500 | ||
|---|---|---|---|
| 001 | ebr10068377 | ||
| 003 | CaPaEBR | ||
| 006 | m u | ||
| 007 | cr cn||||||||| | ||
| 008 | 840418s1984 dcua sb 000 0 eng d | ||
| 010 | _z 84060902 | ||
| 020 | _z0309034779 (pbk.) | ||
| 040 |
_aCaPaEBR _cCaPaEBR |
||
| 035 | _a(OCoLC)57030425 | ||
| 050 | 1 | 4 |
_aHD9502.U52 _bI47 1984eb |
| 082 | 0 | 4 |
_a333.79/13/0973 _219 |
| 245 | 0 | 0 |
_aImproving energy demand analysis _h[electronic resource] / _cPaul C. Stern, editor ; Panel on Energy Demand Analysis, Committee on Behavioral and Social Aspects of Energy Consumption and Production, Commission on Behavioral and Social Sciences and Education, National Research Council. |
| 260 |
_aWashington, D.C. : _bNational Academy Press, _c1984. |
||
| 300 |
_ax, 122 p. : _bill. |
||
| 504 | _aBibliography: p. 105-116. | ||
| 533 |
_aElectronic reproduction. _bPalo Alto, Calif. : _cebrary, _d2009. _nAvailable via World Wide Web. _nAccess may be limited to ebrary affiliated libraries. |
||
| 650 | 0 |
_aEnergy consumption _zUnited States. |
|
| 650 | 0 |
_aConsumers _zUnited States _xAttitudes. |
|
| 655 | 7 |
_aElectronic books. _2local |
|
| 700 | 1 |
_aStern, Paul C., _d1944- |
|
| 710 | 2 | _aebrary, Inc. | |
| 856 | 4 | 0 |
_uhttp://site.ebrary.com/lib/rucke/Doc?id=10068377 _zAn electronic book accessible through the World Wide Web; click to view |
| 999 |
_c28330 _d28330 |
||